000 00462nam a2200157Ia 4500
008 220204s9999 xx 000 0 und d
020 _a8186397825
082 _a58=573.14
_bMAN.7
100 _aManilal, KS
245 0 _aVan Reedinte Hortus Malabaricus (Malabar poonthottam): Malayalam pathippu. (12vols). Vol.7
250 _aMAlayalam
260 _aThiruvanathapuram
_bUniversity of Kerala
_c2008
300 _a235p.
650 _aKerala plants
942 _cBK
999 _c43239
_d43239